000 00784nam a2200265Ia 4500
003 OSt
005 20220918105840.0
006 a|||||r|||| 00| 0
007 ta
008 220915b |||||||| |||| 00| 0 eng d
024 _a252645
037 _cReference Collections
040 _aARTS
_cARTS
_beng
041 _2eng
_aeng
082 _aT48a, P8(RR)
100 _aNair R Raman
_94411
245 0 _aDoctoral research
_b Mahatma Gandhi University 1983-2008
260 _aKottayam
_bMahatma Gandhi University India
_c2008
300 _a247p.
490 _aBibliography of doctoral research
650 _aEDUCATION
700 _a Sreekumar G.
_94412
942 _hT48a, P8(RR)
_cREF
999 _c109884
_d109884